| 000 | 01078 am a22003251a 4500 | ||
|---|---|---|---|
| 999 |
_c29357 _d29328 |
||
| 001 | 005603062 | ||
| 003 | EG-ScBUE | ||
| 005 | 20210815120602.0 | ||
| 008 | 021121r20062003enka f 000 0 eng d | ||
| 020 | _a0521010179 (pbk) | ||
| 020 | _a9780521010177 | ||
| 040 |
_aStDuBDS _beng _erda _cEG-ScBUE _dUk _dEG-ScBUE |
||
| 082 | 0 | 4 |
_a428.24 _bHAS _222 |
| 100 | 1 |
_aHashemi, Louise, _eauthor. |
|
| 245 | 1 | 0 |
_aObjective PET : _bWorkbook with answers / _cLouise Hashemi and Barbara Thomas. |
| 250 | _aSixth printing. | ||
| 264 | 1 |
_aCambridge : _bCambridge University Press, _c2006. |
|
| 300 |
_a80 pages : _billustrations ; _c24 cm |
||
| 336 |
_atext _2rdacontent _btxt |
||
| 337 |
_aunmediated _2rdamedia _bn |
||
| 338 |
_avolume _2rdacarrier _bnc |
||
| 500 |
_aFormerly CIP. _5Uk |
||
| 650 | 7 |
_aEnglish language _vTextbooks for foreign speakers. _2BUEsh |
|
| 650 | 7 |
_aEnglish language _vProblems, exercises, etc. _2BUEsh |
|
| 653 |
_bHHUUEENN _cAugust2021 |
||
| 655 |
_vReading book _934232 |
||
| 700 | 1 |
_aThomas, Barbara, _d1953- _eauthor. |
|
| 942 |
_2ddc _cBB |
||